书目信息 |
| 题名: |
商业空间展示设计实务
|
|
| 作者: | 马江晖 , 刘新 编著 | |
| 分册: | ||
| 出版信息: | 北京 机械工业出版社 2017.1 |
|
| 页数: | 140页 | |
| 开本: | 29cm | |
| 丛书名: | ||
| 单 册: | ||
| 中图分类: | TU247.2 | |
| 科图分类: | ||
| 主题词: | 零售商店--室内设计 , 零售商店 , 室内设计 | |
| 电子资源: | ||
| ISBN: | 978-7-111-29761-1 | |
| 000 | 01173nam0 2200277 450 | |
| 001 | 0400001933 | |
| 005 | 20171019200936.0 | |
| 010 | @a978-7-111-29761-1@dCNY36.00 | |
| 100 | @a20100511d2017 em y0chiy50 ea | |
| 101 | 0 | @achi |
| 102 | @aCN@b110000 | |
| 105 | @aa z 000yy | |
| 106 | @ar | |
| 200 | 1 | @a商业空间展示设计实务@9shang ye kong jian zhan shi she ji shi wu@e基础·程序·案例@dExhibition design on commercial space@ebasis, process and cases@f马江晖,刘新编著@zeng |
| 210 | @a北京@c机械工业出版社@d2017.1 | |
| 215 | @a140页@c图@d29cm | |
| 330 | @a本书讨论了一般商业零售企业的展示设计,精选了部分从事商业空间展示设计所应具备的基础知识、专业技能和胜任素质,并以设计操作程序为线索,将有关的理论、方法、技能和经验有机结合起来进行介绍,最后通过部分有代表性的展具设计的讲解,以及实际设计安全过程的详尽介绍。 | |
| 510 | 1 | @aExhibition design on commercial space@ebasis, process and cases@zeng |
| 606 | 0 | @a零售商店@x室内设计 |
| 606 | 0 | @a零售商店 |
| 606 | 0 | @a室内设计 |
| 690 | @aTU247.2@v4 | |
| 701 | 0 | @a马江晖@9ma jiang hui@4编著 |
| 701 | 0 | @a刘新@9liu xin@c(空间设计)@4编著 |
| 801 | 0 | @aCN@b91MARC@c20171019 |
| 905 | @b1031015-9@dTU247.2@f5@e1114 | |
| 商业空间展示设计实务:基础·程序·案例=Exhibition design on commercial space:basis, process and cases/马江晖,刘新编著.-北京:机械工业出版社,2017.1 |
| 140页:图;29cm |
| ISBN 978-7-111-29761-1:CNY36.00 |
| 本书讨论了一般商业零售企业的展示设计,精选了部分从事商业空间展示设计所应具备的基础知识、专业技能和胜任素质,并以设计操作程序为线索,将有关的理论、方法、技能和经验有机结合起来进行介绍,最后通过部分有代表性的展具设计的讲解,以及实际设计安全过程的详尽介绍。 |
| ● |
| 相关链接 |
|
|
|
|
正题名:商业空间展示设计实务
索取号:TU247.2/1114
 
预约/预借
| 序号 | 登录号 | 条形码 | 馆藏地/架位号 | 状态 | 备注 |
| 1 | 1031015 | 210310153 | 第二样本阅览室/ [索取号:TU247.2/1114] | 在馆 | |
| 2 | 1031016 | 210310162 | 密集书库-生命科学系/ [索取号:TU247.2/1114] | 在馆 | |
| 3 | 1031017 | 210310171 | 第三借阅区/ [索取号:TU247.2/1114] | 在馆 | |
| 4 | 1031018 | 210310180 | 第三借阅区/ [索取号:TU247.2/1114] | 在馆 | |
| 5 | 1031019 | 210310199 | 第三借阅区/ [索取号:TU247.2/1114] | 在馆 |